00548 a2200229 4500260001000000630003800010037001100048650002600059100001900085700001800104700001700122260001700139245004500156300001100201650001300212260000900225300001000234100000700244037001200251700003700263020001800300 aParis a30 - Sciences sociales en general b1, CCA a3 - SCIENCES SOCIALES aStone, Douglas aPatton, Bruce aHeen, Sheila bEd. du Seuil aComment mener les discussions difficiles a270 p. aDialogue c2001 b22 cm lFr aL 14919 atrad., Taffin-Jouhaud, Dominique a2-02-039952-0